Are You Smarter Than a College Student? III Quiz Stats

 Plays Quiz Updated Sep 28, 2012

Challenge
Share
Tweet
Embed
Score 0/30 Timer 07:00
5 Plays Today
Question Answers % Correct
EasyChina
98.8%
EasySouth Carolina or South Dakota
97.5%
EasyCoca-Cola
97.4%
Easycycling
97%
EasyTiger Woods
94.7%
Easymoon
94.5%
EasyJ. K. Rowling
93%
EasyJapan
92.9%
EasyEminem
92.6%
EasyFrosted Flakes
92.5%
MediumTom Hanks
85.2%
Mediumflat
79.9%
Mediumzero
79.4%
Mediumjoey
79.3%
Mediumcello
78.7%
Question Answers % Correct
MediumWalmart
76.2%
MediumSpeed
75%
Medium(Tibetan) Buddhism
72.8%
MediumCharles Dickens
69.7%
Mediumomega
69.4%
HardPacific Ocean
66.9%
HardPelé
64.3%
HardThesaurus
63.1%
Hardaorta
59.5%
Hardau pair
56.4%
Hardboroughs
54.7%
HardWest Virginia
54.7%
HardAliens
53.6%
HardSouth Sudan
45.5%
Hardforwent
44.6%

You're not logged in!

Compare scores with friends on all Sporcle quizzes.
Join for Free
OR
Log In

Show Comments

Extras

Top Quizzes Today


Score Distribution

Your Account Isn't Verified!

In order to create a playlist on Sporcle, you need to verify the email address you used during registration. Go to your Sporcle Settings to finish the process.

Report this User

Report this user for behavior that violates our Community Guidelines.

Details: